skbl

Dr Suryya Kumar Bhuyan Library Web-OPAC
ডঃ সূৰ্য্য
কুমাৰ ভূঞা পুথিভঁৰাল ৱেব-অ'পেক

All Research Scholars are advised to clear the annual library fees to continue using Library Resources, Remote Access, Plagiarism Test and Library Clearance.

Cotton University Book Fair 2026

Cryptography and network security : (Record no. 64954)

MARC details
000 -LEADER
fixed length control field 00554nam a2200193Ia 4500
001 - CONTROL NUMBER
control field 63853
008 - FIXED-LENGTH DATA ELEMENTS--GENERAL INFORMATION
fixed length control field 190920n2017 ii |||gr||||Z||||||465
020 ## - INTERNATIONAL STANDARD BOOK NUMBER
International Standard Book Number 978-93-325-8522-5
082 ## - DEWEY DECIMAL CLASSIFICATION NUMBER
Classification number 512
100 ## - MAIN ENTRY--PERSONAL NAME
Personal name Stallings, William,
Relator term Author.
245 #0 - TITLE STATEMENT
Title Cryptography and network security :
Remainder of title Principles and practice /
Statement of responsibility, etc. By William Stallings .
Medium Textual Documents
250 ## - EDITION STATEMENT
Edition statement 7th ed.
260 ## - PUBLICATION, DISTRIBUTION, ETC.
Place of publication, distribution, etc. Delhi
Name of publisher, distributor, etc. Pearson Education
Date of publication, distribution, etc. 2017
300 ## - PHYSICAL DESCRIPTION
Extent pg766:
Dimensions 21cm.
653 ## - INDEX TERM--UNCONTROLLED
Uncontrolled term Algebra
653 ## - INDEX TERM--UNCONTROLLED
Uncontrolled term Cryptography
653 ## - INDEX TERM--UNCONTROLLED
Uncontrolled term G- Mathematics
942 ## - ADDED ENTRY ELEMENTS (KOHA)
Source of classification or shelving scheme Dewey Decimal Classification
Koha item type Books
Holdings
Withdrawn status Lost status Damaged status Not for loan Collection Home library Current library Shelving location Date acquired Coded location qualifier Total checkouts Full call number Barcode Date last seen Copy number Price effective from Koha item type
          Dr. Suryya Kumar Bhuyan Library Dr. Suryya Kumar Bhuyan Library   20/09/2019 00000   512.7 St 18 Cr 1424/cu 14/01/2024 1 20/09/2019 Books
          Dr. Suryya Kumar Bhuyan Library Dr. Suryya Kumar Bhuyan Library   20/09/2019 00000   512.7 St 18 Cr 1423/cu 14/01/2024 2 20/09/2019 Books

Designed and Maintained by Team SKBL
©1901-2026

Powered by Koha